[Event "Sufe Cup"]
[Site "Shanghai"]
[Date "2000.03.09"]
[Round "7"]
[White "Ye, Jiangchuan"]
[Black "Filippov, Valerij"]
[Result "1-0"]
[WhiteElo "2616"]
[BlackElo "2584"]
[Annotator "Golod,V"]
[PlyCount "93"]
[EventDate "2000.03.03"]
[EventType "tourn"]
[EventRounds "13"]
[EventCountry "CHN"]
[EventCategory "13"]
[SourceTitle "CBM 076"]
[Source "ChessBase"]
[SourceDate "2000.05.31"]
[SourceVersion "1"]
[SourceVersionDate "2000.05.31"]
[SourceQuality "1"]

1. e4 c5 2. Nf3 e6 3. d4 cxd4 4. Nxd4 Nf6 5. Nc3 Nc6 6. Nxc6 $5 bxc6 7. e5 Nd5
8. Ne4 Qc7 9. f4 Qa5+ 10. c3 $5 ({Another alternative is:} 10. Bd2 $5 {See
comments to Nataf,I-Filippov,V/Koszalin,1999/CBM 73 (1-0)(Golod,V)(38)}) 10...
Qb6 $6 $146 {[%cal Gb6g1][%mdl 8] A novelty and the first cause of future
difficulties.} ({Comments to} 10... Be7 {and also10...Ba6!? you cand find in
annotations to game: Voitsekhovsky,S-Yagupov,I /N.Novgorod, 1998/CBM 66 (1-0)
(Golod,V)(39)}) 11. Bd3 {White's plan is:a3,Qe2,c4(><b4,e3); Be3 and 0-0.} Bb7
({Now somewhat illogically:} 11... Ba6 {after 10...Qb6,though perhaps is the
best decision.}) 12. a3 {[%csl Ya3][%cal Ya3b4]} a5 ({It deserves attention:} 
12... f5 13. exf6 Nxf6 14. Nxf6+ gxf6 15. Qh5+ Kd8 $14) 13. Qe2 ({Dubious
right away:} 13. c4 {in view of:} Ne3 14. Qe2 Nf5 $13) 13... Ba6 {Nevertheless!
} 14. c4 $140 ({Much worse is:} 14. Bxa6 Qxa6 (14... Rxa6 $2 15. c4 Nc7 16. Be3
$16) 15. Qxa6 (15. c4 Nb6 16. b3 a4 17. c5 Qxe2+ 18. Kxe2 Nd5 19. b4 $11) 15...
Rxa6 16. Ke2 f5 $11) 14... Qd4 {[%csl Rd3]} 15. g3 $2 {/\Nd2-f3(פd5)} ({
Good enough:} 15. Rf1 {[%csl Rd3,Yf1][%cal Yf1f3,Yf3d3]} Rb8 {[%csl Rd3][%cal
Gb8b3,Gb3d3]} 16. Rf3 f5 17. Nf2 $5 (17. Qf2 $143 Qxf2+ 18. Nxf2 Nb6 19. b3 {
+/=/=}) 17... Nc3 {[%csl Ra1,Re1]} 18. Qc2 Ne4 19. Bxe4 fxe4 20. Rc3 {[%csl
Rd4][%cal Gc1e3]} Qb6 21. Rb1 $14) 15... Rb8 {[%csl Rd3][%cal Gb8b3,Gb3d3]} 16.
Nd2 Nc3 $1 ({Impossibly:} 16... Nb6 $4 {in view of:} 17. Nb3 {[%csl Rd4]}) (
16... Nc7 $6 17. Nf3 Qb6 $13) 17. Qf3 {With the idea 18.Bc2(פc3)} ({Loses:} 
17. bxc3 $4 Qxc3 {[%csl Ra1,Rc1]}) 17... Na4 $1 {[%csl Rb2] This move better
than:} (17... c5 {[%csl Rf3,Rh1][%cal Ga6b7]} 18. Rf1 Bb7 19. Nb3 $8 Bxf3 20.
Nxd4 Bg2 $1 21. Rg1 $140 Be4 22. Bxe4 Nxe4 23. Nb5 d5 24. b3 $11) 18. Rb1 Nc5
$2 ({It is necessary:} 18... Nxb2 19. Be2 (19. Bc2 $143 a4 {[%csl Ya4][%cal
Ya4b3]}) 19... a4 {with big advantage of black.}) 19. Be2 $14 f5 ({Can be
recommended:} 19... d5 20. exd6 Qxd6 (20... Bxd6 $4 21. b4 $18 {[%csl Rc5,Rc6,
Rd4][%cal Gc1b2,Gf3c6,Gb4c5]}) 21. b4 axb4 22. axb4 Nd7 $14) 20. exf6 Qxf6 ({
Very weakly:} 20... gxf6 {because of:} 21. b4 Na4 (21... axb4 22. Bb2 {[%csl
Rd4]}) 22. Qh5+ Ke7 23. Qxa5 $18 {[%csl Ra4,Ra6]}) 21. b4 $1 axb4 ({In my
opinion much better is:} 21... Qf5 {[%csl Rb1]} 22. O-O (22. Qh5+ $6 Qxh5 23.
Bxh5+ g6 24. Be2 axb4 25. axb4 Na4 $13) 22... axb4 23. axb4 Na4 $14) (21... Na4
{is refuted by:} 22. Qh5+ {[%csl Ra5,Re8]}) 22. axb4 Na4 $2 {[%mdl 8192]} ({
Again better is:} 22... Qf5) 23. Qh5+ $1 g6 $8 ({The rest loses right away:} 
23... Ke7 $2 24. Qa5 {[%csl Ra4,Ra6]} Nc3 25. Bb2 Ra8 26. Rc1 Bb7 27. Bxc3 $18)
(23... Kd8 $2 24. Qa5+) ({and} 23... Qg6 $2 {(=23...Qf7?)because of:} 24. Ra1 {
[%csl Ra4,Ra6]}) 24. Qa5 {[%csl Ra4,Ra6]} Nc3 $8 25. Rb3 {[%csl Ra6,Rc3][%cal
Gc1b2]} c5 $2 ({More stubborn resistance after:} 25... Nxe2 26. Kxe2 Ra8 27.
Bb2 e5 28. Bxe5 $5 (28. Qxe5+ $143 Qxe5+ 29. Bxe5 Rg8 30. Ra1 $16) 28... Qe6
29. Kd1 {[%cal Gh1e1]} Rg8 30. Re1 Kf7 {+/-/+-}) 26. Qxa6 cxb4 27. Bb2 $18 Bc5
28. Ne4 ({More easy way to win:} 28. Bxc3 bxc3 29. Rxb8+ (29. Ne4 $5 Rxb3 $8
30. Nxf6+ Kf7 31. Bd1 Rb1 32. Qa4 Kxf6 (32... Rhb8 33. Ne4 $18) 33. Qc2 {
[%csl Rb1,Rc3]} Bb4 34. Qxb1 c2+ 35. Qxb4 c1=Q 36. O-O $18) 29... Ke7 30. Rxh8
cxd2+ 31. Kf1 Qxh8 32. Kg2 Qd4 33. Rf1 $18) 28... Qd4 29. Nxc5 O-O 30. Qa7 {
[%csl Rb8,Rc5][%cal Ya7c5,Gb2c3]} Ra8 $8 31. Qxd7 Qxc5 32. Qxe6+ Rf7 $8 ({
Impossibly:} 32... Kg7 {(=32...Kh8)because of:} 33. Rxc3 bxc3 34. Bxc3+ Kh6 35.
Qh3+) 33. Qe5 $5 {After this move white has a forced passage to winning
endgame.} Qc6 34. O-O Re8 35. Bf3 ({Also good enough:} 35. Bxc3 Rxe5 36. Bxe5
$18) 35... Qa4 $8 (35... Qb6+ $2 36. c5) 36. Ra1 Qxa1+ $8 (36... Rxe5 $2 37.
Rxa4 Re1+ 38. Kf2) 37. Bxa1 Rxe5 38. fxe5 Rxf3 39. Rxb4 $18 {The rest is the
matter of technics.} Rd3 40. Bb2 Rd1+ 41. Kg2 Rd3 (41... Ne4 $144 42. e6 Kf8 (
42... Rd2+ $143 43. Kf3 Ng5+ 44. Ke3 Rd8 45. Bf6 $18) 43. Ba3 Ke8 (43... Rd2+
44. Kf3 Rd3+ 45. Kxe4 Rxa3 46. Rb7 $18) 44. Rb8+ Rd8 45. Rxd8+ Kxd8 46. Bb4 Ng5
47. e7+ Kd7 48. Bd6 $18 {[%cal Gc4c5]}) 42. e6 {[%csl Re6][%cal Gb4b8]} Kf8 43.
Rb3 Rd2+ 44. Kf3 Nd1 (44... Rd3+ $144 45. Kg4 Ne4 (45... Rd4+ 46. Kh3 {[%csl
Rc3,Rd4]}) 46. Rxd3 Nf2+ 47. Kg5 Nxd3 48. Bf6 Nc5 49. e7+ Kf7 50. Kh6 $18) 45.
Ba3+ Kg7 46. e7 Kf7 47. Rb8 {Despite the mistakes the game was very
interesting.} (47. Rb8 Rf2+ 48. Kg4 {[%cal Ge7e8]} Re2 (48... Ne3+ 49. Kh3) 49.
Rf8+ Kg7 50. e8=Q) 1-0

[Event "Olympiad-33"]
[Site "Elista"]
[Date "1998.10.12"]
[Round "13.2"]
[White "Smirin, Ilia"]
[Black "Filippov, Valerij"]
[Result "1-0"]
[WhiteElo "2615"]
[BlackElo "2595"]
[Annotator "Golod,V"]
[PlyCount "107"]
[EventDate "1998.09.29"]
[EventType "team-swiss"]
[EventRounds "13"]
[EventCountry "RUS"]
[SourceTitle "CBM 068"]
[Source "ChessBase"]
[SourceDate "1999.02.01"]
[SourceVersion "1"]
[SourceVersionDate "1999.02.01"]
[SourceQuality "1"]
[WhiteTeam "Israel"]
[BlackTeam "Russia II"]
[WhiteTeamCountry "ISR"]
[BlackTeamCountry "RUS"]

1. e4 c5 2. Nf3 e6 3. d4 cxd4 4. Nxd4 Nf6 5. Nc3 Nc6 6. Nxc6 bxc6 7. e5 Nd5 8.
Ne4 Qc7 9. f4 Qa5+ 10. Bd2 (10. c3 $5 {See comments to Voitsekhovsky,S-Yagupov,
I/N.Novgorod, 1998(cbm66)1-0(39),(Golod,V)}) 10... Qb6 11. Bd3 (11. c4 $2 Qd4
$1 12. Qb1 Rb8 13. b3 f5 $1 $17 {Adams,M-Khenkin,I/Chalkidiki/1992/}) 11... Be7
$5 ({Worse is:} 11... Ba6) (11... Qxb2 {(see comments to Voitsekhovsky-Yagupov)
}) 12. Qe2 $5 (12. Rb1 $6 Ba6 13. Qe2 (13. c4 f5 14. exf6 Nxf6 $13) 13... Bxd3
14. Qxd3 f5 $1 $15 {0-1 Yudasin,L-Kramnik,V/Wijk cm5 1994 (37)}) (12. c4 $5 {
See comments to Fedorov,A-Khalifman,A/Samara,1998(cbm67)1/2-1/2 (27) Golod,V})
12... Bb7 $6 $146 (12... f5 $5 13. exf6 Nxf6 14. O-O-O (14. Bc3 $5 O-O 15.
Nxf6+ Bxf6 16. Bxf6 gxf6 $6 (16... Rxf6 $5) 17. O-O-O Rb8 18. b3 $14 {1-0 Emms,
J-Sutovskij,E/Gausdal 1995/CBM 47 ext (26)}) 14... Nxe4 15. Bxe4 Bf6 16. b3 Ba6
17. Qe1 Qd4 18. c3 $14 {1/2-1/2 Renet,O-Chevallier,D/FRA-chT 1996 (45)}) 13. a3
$6 {(><b4;/\c4)} ({Good enough:} 13. c4 $5 Nb4 (13... Qxb2 $4 14. Rb1 $18 {
[%csl Rb2,Rd5]}) 14. Bb1 c5 $5 (14... O-O $2 15. c5 $1 Bxc5 $140 16. Nxc5 Qxc5
17. Qe4 $18 {[%csl Rb4,Rh7]}) (14... Nd5 $2 15. cxd5 Qxb2 16. Qd3 $1 (16. Bc3
$2 Qc1+ 17. Qd1 Qe3+ 18. Qe2 Qc1+ $11) 16... cxd5 (16... Qxa1 $143 17. Bc3 Ba6
18. Qc2 $18) 17. Qc3 $16) 15. Bc3 $14) 13... f5 $6 {After this move white has
a slight positional advantage} (13... Qxb2 $1 14. O-O Rb8 $5 $15 {[%cal Yb8b7]}
15. c4 $140 Qd4+ 16. Kh1 Ba6 {[%csl Rd3]}) 14. exf6 {The best move.} Nxf6 15.
O-O-O $14 O-O 16. c4 $1 {White's plan is:Bc3,Ng5->} c5 $5 {[%cal Gb7e4]} 17.
Ng5 $1 {[%mdl 128] Smirin is well known as a strong tactical player and he
starts his play.} ({Worse is:} 17. Bc3 {in view of:} Nxe4 18. Bxe4 Rxf4 $15)
17... h6 (17... Rab8 $6 18. Bc3 $40) 18. Bc3 Qc6 $5 {(/\19...hxg5 20.fxg5 Ne4!)
} (18... hxg5 $2 {badly after:} 19. fxg5 Ne8 20. Qh5 {[%csl Rg8]} Bxg5+ 21.
Qxg5 $16) 19. Nf3 {[%csl Gc3,Rg7,Gh1][%cal Gf3e5]} Bd6 {[%csl Rf4]} (19... Rab8
$2 20. Ne5 $1 Qxg2 $140 21. Qxg2 Bxg2 22. Rhg1 Bc6 23. Ng6 $16) 20. Ne5 $1 Qxg2
({Badly:} 20... Qb6 {because of:} 21. Bc2 $40) 21. Rhg1 $1 (21. Qxg2 $143 Bxg2
22. Rhg1 Bb7 23. Nxd7 Bxf4+ 24. Kc2 e5 $1 $44) 21... Qxe2 $8 (21... Qh3 $2 22.
Nxd7 Bxf4+ 23. Kb1 Bf3 (23... Kh8 24. Nxf8 Rxf8 $16) 24. Bxf6 Bxe2 25. Rxg7+
Kh8 26. Rh7+ Kg8 27. Rg1+ Bg5 (27... Bg4 $143 28. Bg6 $1 {[%csl Rg8][%cal
Gh7h8]} Rxf6 29. Nxf6+ Kf8 30. Rf7#) 28. Rxg5+ $1 hxg5 29. Rxh3 Bxd3+ 30. Rxd3
Rf7 31. Bxg5 $18) 22. Bxe2 {[%csl Rd6,Rd7,Rg7][%cal Gd1d6,Gc3g7,Gg1g7,Ge5d7]}
Ne4 ({Worse is:} 22... Ne8 {in view of:} 23. Bh5 $1 (23. Rxd6 Nxd6 24. Nxd7 {
and see the game after 24.Nd7}) 23... Bxe5 24. Bxe5 $18) 23. Rxd6 $1 {[%mdl
512]} Nxd6 24. Nxd7 {[%csl Rf8,Rg7]} Rf7 $8 25. Nxc5 $16 {[%csl Ra7,Re6,Rg7,
Rg8] White has a strong initiative,black has weaknesses:Pa7,e6,g7and Kg8.} Rc8
$5 ({Dubious is:} 25... Bc8 {because of:} 26. Be5 (26. Bf3 $143 Rb8 27. Be5 Rb6
$14) 26... Nb7 27. Bf3 Nxc5 $1 28. Bxa8 Nd3+ (28... Ba6 $5) 29. Kd2 Nxe5 30.
fxe5 Rf2+ 31. Kc3 Rxh2 32. Rd1 Rf2 33. b4 g5 34. b5 h5 35. c5 $16) (25... Re8
$2 26. Bh5 $18) 26. Nxe6 $140 Re8 27. Bg4 (27. Rg6 $2 Kh7 $1 (27... Be4 $2 28.
Rxg7+ Rxg7 29. Nxg7 Rc8 30. Bg4 $18) 28. Bd3 Be4 $13) 27... g6 28. Nc5 Kh7 (
28... Bc8 {loses after:} 29. Bh5 $1 (29. Bxc8 $6 Rxc8 30. Rxg6+ Kh7 31. Rxd6
Rxc5 32. b3 $16)) 29. Nd7 $6 {[%cal Gd7f6]} (29. Nxb7 $5) 29... Ne4 $2 (29...
Rxf4 $1 30. Nf6+ Rxf6 31. Bxf6 Nxc4 32. Rd1 Nb6 $14) 30. f5 $1 {[%csl Re8,Rf7,
Gg4,Rg6,Rh7]} gxf5 ({Also loses:} 30... g5 31. Bh5 Ree7 32. Ne5 Rxf5 (32...
Rxe5 33. Bg6+ $1 $18) 33. Bg6+ Kg7 34. Bxf5 Nxc3 35. Re1 Ne4 36. Ng4 $18) 31.
Bh5 $1 (31. Bxf5+ $143 Rxf5 32. Rg7+ Kh8 33. Re7+ Nxc3 34. Rxe8+ Kg7 35. bxc3 {
+/=/+/-}) 31... Rg8 (31... Nxc3 $143 32. Bxf7 Ne2+ 33. Kd1 Nxg1 (33... Re7 $4
34. Nf6+ Kh8 35. Rg8#) 34. Bxe8 $18) 32. Rxg8 Kxg8 (32... Rxd7 $4 33. Rh8#) 33.
Bxf7+ Kxf7 {[%mdl 4096]} 34. Bd4 {><a7;/\Nc5} Ke6 35. Nc5+ Nxc5 36. Bxc5 a6 37.
Be3 $6 $16 {Because of this inaccuracy white has to play exactly.} ({Better is:
} 37. b4 {and white's plan:Kb2-c3(b3),a4,b5.Also badly 37...} Bc6 {[%cal Gc6a4]
} 38. Kb2 Ba4 39. Kc3 Ke5 {in view of:} 40. b5 $1 axb5 $140 41. Kb4 $18 {
[%csl Ra4,Rb5]}) 37... Ke5 $1 (37... h5 $2 38. Bf4 $18 {[%cal Gc1d2,Gd2c3,
Gb2b4]}) 38. Bxh6 Kd4 39. Kd2 $8 Kxc4 $140 40. Ke3 {[%csl Gh2][%cal Yg7b2,
Gh2h4,Gh6g7]} Kd5 41. h4 Bc6 {[%cal Gc6e8,Ye8h5]} 42. Bg7 a5 $6 (42... Be8 $142
43. Kf4 Ke6 44. Kg5 $16 (44. b4 $2 Kf7 45. Bd4 Kg6 $14)) 43. h5 Ke6 (43... Be8
$143 44. h6 Bg6 45. b3 $1 {(weeknessPa5;/\Bc3,Bxa5)}) 44. Bc3 $1 $18 {[%csl
Ra5,Gh5][%cal Gh5h6]} Kf7 (44... a4 $4 45. h6 $18 {[%cal Gh6h7,Gh7h8]}) 45.
Bxa5 Kg7 (45... Kf6 $143 46. Bd8+ Ke5 47. Bc7+) 46. Kd4 {/\Kc5;b4-b5} Be8 47.
b4 Bxh5 48. b5 Kf6 49. Kc5 Ke6 (49... Bf3 50. Kd6 $18) (49... Ke5 $142 50. Bc3+
$1 Ke6 (50... Ke4 $2 51. b6) 51. Kc6 Be8+ 52. Kb6 Kd5 (52... Kd7 $143 53. Ka7
Kc8 54. b6 Bc6 55. a4 $18) 53. a4 Kc4 54. Be1 f4 (54... Kb3 55. a5 Kc4 56. a6
Bxb5 57. a7) 55. Ka6 Kc5 56. b6 $18) 50. Kc6 Ke5 (50... Be8+ 51. Kb6 Kd5 52.
Be1 Kc4 53. a4 $18 {/\Ka6;b6-b7}) 51. Be1 $1 Kd4 52. a4 Kc4 53. b6 f4 54. b7 (
54. b7 Bf3+ 55. Kc7 Bxb7 56. Kxb7 f3 57. a5 $18) 1-0

[Event "Linares 18th"]
[Site "Linares"]
[Date "2001.03.06"]
[Round "10"]
[White "Kasparov, Garry"]
[Black "Grischuk, Alexander"]
[Result "1-0"]
[WhiteElo "2849"]
[BlackElo "2663"]
[Annotator "Golod,V"]
[PlyCount "89"]
[EventDate "2001.02.23"]
[EventType "tourn"]
[EventRounds "10"]
[EventCountry "ESP"]
[EventCategory "19"]
[SourceTitle "CBM 082"]
[Source "ChessBase"]
[SourceDate "2001.05.17"]
[SourceVersion "1"]
[SourceVersionDate "2001.05.17"]
[SourceQuality "1"]

1. e4 c5 2. Nf3 Nc6 3. d4 cxd4 4. Nxd4 Nf6 5. Nc3 e6 6. Nxc6 bxc6 7. e5 Nd5 8.
Ne4 Bb7 $5 9. Be2 (9. c4 $5 {In my opinion, this very interesting reaction on
the previous move of black.See comments to Shabalov,A-Vescovi,G/Paget Parish,
2001/CBM 81(0-1)(Golod,V)(33)}) 9... c5 {/^a8-h1,/\Qc7(קe5)} 10. O-O {With
the idea c4 and Nd6.} ({Dubious immediately:} 10. c4 {in view of:} Ne3 $1 11.
Bxe3 Bxe4 12. f3 Bc6 $11) 10... Qc7 11. Nd6+ ({Also it deserves attention:} 11.
c4 $5 {You can see comments to Shirov,A-Kramnik,V/Frankfurt,2000/CBM 78(1/2-1/
2)(Golod,V)(93) (Golod,V)}) ({After:} 11. f4 {black has two equals options: 11.
..c4 or 11... f5}) 11... Bxd6 12. exd6 Qc6 13. f3 c4 {/\Rc8,Qd6} 14. Qd4 {
[%csl Rc4,Rg7]} O-O 15. Bxc4 {With the idea:16.Bb3 or 16.Bd3 and 17.c4} Rfc8
$146 {[%mdl 8] Black do not take away back at pawn"d6".Black want to exchange
the queens and to receive ^-(multi-coloured bishops) in the endgame.} ({
Was checked in the three previous games.} 15... Qxd6 $5 {See comments to Anand,
V-Leko,P/Dortmund,1999/CBM 72(1/2-1/2)(Golod,V)(29)}) 16. Bxd5 $5 ({In the
following meeting of the same contenders was checked up:} 16. b3 $5 {See
comments to Kasparov,G-Grischuk,A/Cannes,2001/CBM 82 (1/2-1/2)(rapid)(Golod,V)
(48)}) 16... Qxd5 ({Badly:} 16... Qxd6 {because of:} 17. Bh6 $1 gxh6 $8 (17...
f6 $2 18. Qg4 Qb6+ 19. Rf2 $18) 18. Qg4+ Kf8 19. Bxb7 Qb6+ 20. Rf2 Qxb7 21. c3
{+/=/+/-}) 17. Qxd5 Bxd5 18. Rf2 $14 {Shipov,S makes the following comments in
"Club Kasparov": "White has a pawn up.Their task - competently to place at
pawns of queen side.I have in a kind b2-b3 and c2-c4".} Rc6 19. Bf4 Rac8 (19...
f6 $5 {[%cal Ge6e5]} 20. Rd2 $14 {[%csl Rd5]}) 20. Rc1 ({Dubious:} 20. c3 $6 {
in view of:} a5 {[%cal Ga5a4] and white practically it will be impossible to
move pawns of the queen side.}) 20... Ra6 (20... f6 $143 21. b3 e5 22. Be3 {
[%csl Ra7]} Rc3 23. Re2 {/\Bf2-e1 and c4 +/=/+/-} (23. Bxa7 $2 Ra8 {[%csl Ra2,
Ra7]} 24. Rd2 Be6 25. Bf2 Rxa2 $44 {[%cal Ge6b3]})) ({Weakly:} 20... Bxa2 $2 {
because of:} 21. Ra1 {[%csl Ra2,Ra7]}) 21. a3 ({Senselessly:} 21. b3 {in view
of:} Rxa2 22. c4 $140 Rxf2 23. Kxf2 Bb7 24. b4 a6 {[%csl Yb7][%cal Yb7a6] +/=/=
}) 21... f6 22. Be3 {[%csl Ra7]} ({Can be recommended:} 22. Rd2 $5 {[%csl Rd5]
directed against a move "e5".}) 22... Ra4 {[%csl Ya4][%cal Ya4h4]} (22... e5 $6
23. f4 $36) (22... Kf7 $5) 23. Ra1 $1 {[%cal Gb2b3,Gc2c4]} e5 24. b3 Ra6 25. c4
{Shipov."White have achieved the purpose. The difficulties of black accrue".}
Be6 26. Rd2 Rb8 $1 {[%csl Rb3,Rc4]} 27. Rd3 Rb7 {[%csl Rb3,Yb7,Yd3,Rd6][%cal
Ge6f5,Yb7a7]} (27... Bf5 $6 28. Rc3 $140 Rxd6 (28... Kf7 $142) 29. Bxa7 $16)
28. g4 $1 {Shipov."Reflects threat. At a case white will open the second front
on king side".} h5 29. h3 hxg4 30. hxg4 f5 $2 {[%mdl 16384] Shipov."The
disputable decision. Alexander opens game, and, probably, it will take
advantage at white rooks.Pawn "e5" turns to a target".} (30... Rc6 $5 $14 {
[%csl Rb3,Rc4][%cal Ga7a5,Ga5a4]}) 31. Bc5 $1 {[%csl Yc5][%cal Yc5d6]} Rc6 32.
b4 $1 $16 {Now both white rooks are free from protection of pawns.} (32. Bb4 $6
Rcb6 {[%csl Rb3][%cal Ga7a5]}) 32... fxg4 33. fxg4 Rc8 ({More stubborn
resistance after:} 33... Bxc4 $5 34. Re3 Be6 35. Rxe5 Rc8 $16) 34. Re1 Bxc4 35.
Rc3 Bb5 ({It is not known or better:} 35... Be6 36. Rxe5 Bxg4 $140 $6 (36...
Kf7 $142 {+/-/+-}) 37. Rg5 Be6 38. Rcg3 $18 {[%csl Gg3,Gg5,Rg7]}) 36. Rxe5 Rf8
37. Bxa7 $1 {[%csl Rb5,Ge5] Shipov."Greed - not defect, and advantage of the
strong chess player".} Bc6 38. Be3 Rbb8 39. Bg5 {[%csl Gd6][%cal Gc3c6]} Rb5
40. Rcc5 Rb6 41. b5 $18 {The further resistance is senseless.The rest is the
matter of technics.} Bf3 42. Be7 Ra8 43. Rg5 Rxa3 44. Bf6 $40 {[%csl Rg8]} Kf7
(44... Rxd6 $2 45. Rxg7+ Kf8 46. Rc8#) 45. Bb2 {[%csl Ra3,Rg7]} (45. Bb2 Re3
46. Rxg7+ Ke6 (46... Ke8 47. Rc8#) (46... Kf8 47. Rf5+ Ke8 48. Rg8#) 47. Rg6+
Kf7 48. Rf6+ Kg7 49. Rg5+ Kh7 50. Rf7+ Kh6 51. Rh5+ Kg6 52. Rg7#) 1-0

[Event "Olympiad-36"]
[Site "Mallorca"]
[Date "2004.10.23"]
[Round "8"]
[White "Gashimov, Vugar"]
[Black "Shabalov, Alexander"]
[Result "0-1"]
[WhiteElo "2586"]
[BlackElo "2608"]
[Annotator "Golod,V"]
[PlyCount "84"]
[EventDate "2004.10.15"]
[EventType "team-swiss"]
[EventRounds "14"]
[EventCountry "ESP"]
[SourceTitle "CBM 104"]
[Source "ChessBase"]
[SourceDate "2005.01.27"]
[SourceVersion "1"]
[SourceVersionDate "2005.01.27"]
[SourceQuality "1"]
[WhiteTeam "Azerbaijan"]
[BlackTeam "US of America"]
[WhiteTeamCountry "AZE"]
[BlackTeamCountry "USA"]

1. e4 c5 2. Nf3 Nc6 3. Nc3 e6 4. d4 cxd4 5. Nxd4 Nf6 6. Nxc6 bxc6 7. e5 Nd5 8.
Ne4 Qc7 9. f4 Qb6 10. c4 Bb4+ 11. Ke2 f5 12. Nf2 Ba6 13. Kf3 Ne7 14. Be3 Bc5
15. Bxc5 Qxc5 16. Qd6 Qa5 {In the last years Black did not go on this
variation, as he is considered very dangerous to them. Comments to this part
of the game and also to:} (16... Qb6 {You can find in my annotations to games:
Zubarev,A-Eljanov,P/Kharkov,2001/CBM 83(1-0)(55) and Fressinet,L-Zhu Chen/Wijk
aan Zee,2004/CBM 99(1-0)(55)}) 17. Rd1 $6 $146 {That's the novelty,but not
very successful for White,at least he weaken the queen side (קa2).} ({Also it
was dubiously:} 17. Be2 $6 {in view of:} g5 $1 $132) ({On:} 17. h4 $5 {
(against progress "g5") I have found nine games in Mega DataBase 2004. For an
example we shall consider most interesting of them:} c5 18. Kg3 Kf7 19. Be2
Rhd8 20. Bh5+ g6 21. Bf3 Rab8 22. h5 $14 {Ghinda,M-Chekhov,V/Halle,1987(1-0)
(35)}) 17... Kf7 $5 {At first, Black cared about position of his king and only
then plan to take away Pa2.} ({It deserves serious attention:} 17... Qxa2 $5
18. b4 (18. Qxd7+ $2 Kf7 19. Rd6 $140 Qb3+ $1 {[%csl Rf3][%cal Ga6c4]}) 18...
Bxc4 19. Bxc4 Qxc4 20. Rd4 Qa2 21. Rd2 Qb3+ (21... Qc4 $5) 22. Rd3 Qa4 23.
Qxd7+ Kf7 $15) 18. b4 ({I do not think that it was much better:} 18. Nh3 h6 {
[%csl Rh3]}) ({or} 18. a3 Rab8 $36) 18... Qa3+ $1 {Important intermediate
move! Black entice the rook of the contender on point "d3" that brings
incoordination to action of their forces.} 19. Rd3 Qxa2 $15 {קc4} 20. b5 ({
After:} 20. Rc3 {/\21.b5 cxb5? 22.Ra3 (ץa6)} Rhd8 21. b5 Bb7 22. Kg3 g5 $1 {
Black has a very strong initiative.}) 20... Bb7 $6 {[%csl Rf3]} ({Is more
interesting alternative:} 20... cxb5 $5 21. Ra3 $140 Bb7+ 22. Kg3 Qc2 23. cxb5
(23. Bd3 $2 Qd2 {/\Qe3+}) (23. Qxd7 Bc6 $17) 23... g5 $40 {[%csl Rg3]}) 21. Qc7
Bc8 22. bxc6 $2 (22. Rd6 $5 cxb5 23. cxb5 Nd5 24. Qc5 Qd2 25. Nd3 {[%csl Ra8,
Rf7][%cal Gd6d5] with some compensation behind pawn.}) 22... Nxc6 $17 {Now
Black,without handicapes,can enter in the game a rook "a8".} 23. Rd6 Rb8 24.
Kg3 {Probably,White made his previous move in hope on:} (24. Rxc6 {but it's
very weak,because of:} Qa3+ $1 (24... Rb7 $5 25. Qxc8 Rxc8 26. Rxc8 Rb3+ 27.
Bd3 (27. Nd3 $143 Qb1 {[%csl Rh1][%cal Gb3d3]}) 27... Qd2 $17) 25. Bd3 (25. Ke2
$4 Rb2+ 26. Ke1 (26. Kd1 Qa1#) 26... Qe3+ 27. Kd1 Qd2#) 25... Bb7 $1 26. Qxd7+
$140 Qe7 27. Qxe7+ (27. Qd6 $143 Rhc8) 27... Kxe7 28. Ra1 Bxc6+ 29. Ke3 Rb7 {
and the material advantage gradually will decide a game.}) 24... Qb3+ {
Alexander for the beginning improves a position of the queen, though and at
once was not bad:} (24... Rb3+ 25. Rd3 (25. Bd3 $2 Qe2 {/\Qe3+}) 25... Rxd3+
26. Nxd3 (26. Bxd3 $2 Qd2 {/\Qe3+}) 26... Qxc4 {-/+/-+}) 25. Rd3 $8 (25. Bd3 $2
Rb7 26. Rxc6 Rxc7 27. Rxc7 Qb6 {צc7}) (25. Nd3 $2 Rb7 26. Rxc6 Rxc7 27. Rxc7
Qb6 28. Rc5 Bb7 {/\Be4 -+}) 25... Qc2 26. Rd6 $140 Rb3+ 27. Bd3 Qd2 $1 {/\Qe3+}
28. Kf3 Ne7 $2 {Black have not found the beautiful forced win:} (28... Bb7 $1
29. Rxd7+ $140 Ke8 $1 $19 (29... Ne7+ $5 30. Qxb7 $8 (30. Kg3 Qe3+) 30... Rxb7
31. Rxb7 Rd8 32. Rb3 Nc6 $19) 30. Qxb7 Rxb7 31. Rxb7 Nd4+ 32. Kg3 Qe3+) 29. Qc5
$2 {White did not use discrepancy of the contender.} (29. Rb1 $8 Rxb1 (29...
Bb7+ $2 30. Qxb7 Rxb7 31. Rxb7 $44 {[%csl Rd2,Rd7][%cal Gd3f5,Gd6d7]}) 30. Bxb1
Qb2 31. Bd3 g5 $17) 29... g5 $1 $19 {Now White can not find protection against
numerous threats.} 30. Qd4 {[%tqu "En","Black can win a game now by two good
moves!","","","g5f4","",0,"c8b7","",10,"g5f4","",0]} gxf4 ({Immediately wins a
game the following move:} 30... Bb7+ $1 31. Kg3 $140 Rxd3+ $3 32. Qxd3 (32.
Nxd3 Qxg2#) 32... Qxf4+ 33. Kh3 Qh4#) 31. c5 Bb7+ {The further resistance is
senseless.} 32. c6 Bxc6+ 33. Rxc6 Nxc6 34. Qxd7+ Ne7 {The rest is easy without
comments.} 35. g4 Qe3+ 36. Kg2 f3+ 37. Kg3 f4+ 38. Kh3 Qxf2 39. Bc4 Rb6 40. Bf1
Rg8 41. Qd3 Rg6 42. g5 h6 0-1